| 000 | 00610nam a2200229Ia 4500 | ||
|---|---|---|---|
| 003 | OSt | ||
| 005 | 20220918192547.0 | ||
| 006 | a|||||r|||| 00| 0 | ||
| 007 | ta | ||
| 008 | 220917b |||||||| |||| 00| 0 eng d | ||
| 024 | _a69,014 | ||
| 037 | _cTextual | ||
| 040 |
_aARTS _cARTS _beng |
||
| 041 |
_2eng _aeng |
||
| 082 | _aR3:Q, J75 | ||
| 100 |
_aStrasser Stephen _979437 |
||
| 245 | 0 | _aSoul in metaphysical and empirical psychology | |
| 260 | _c1957 | ||
| 490 | _aDuquesne studies : philosophical series; 7 | ||
| 942 |
_hR3:Q, J75 _cTEXL _2CC |
||
| 999 |
_c195177 _d195177 |
||